[Event "TCh-NED Playoff"]
[Site "Enschede NED"]
[Date "2003.06.21"]
[Round "1"]
[White "Okkes,M"]
[Black "Van Wely,L"]
[Result "1-0"]
[WhiteElo "2305"]
[BlackElo "2675"]

1.e4 c5 2.Nf3 Nc6 3.Bb5 g6 4.O-O Bg7 5.Re1 e5 6.b4 Nxb4 7.Bb2 a6 8.a3 axb5
9.axb4 Rxa1 10.Bxa1 cxb4 11.Bxe5 Bxe5 12.Nxe5 Ne7 13.d3 O-O 14.Nd2 d6 15.Nef3 Be6
16.Qa1 Nc6 17.Qb2 Qb6 18.Nb3 Ra8 19.h4 h6 20.h5 g5 21.Qf6 Bxb3 22.cxb3 g4
23.Nh2 g3 24.Ng4 gxf2+ 25.Kh2 Ne5 26.Nxh6+ Kh7 27.Rf1 Qe3 28.d4 Qxd4 29.Rxf2 Ra1
30.Qf4 Qd1 31.Qg5 f6 32.Qg8+ Kxh6 33.Qh8+ Kg5 34.Qxf6+  1-0

[Event "2nd NAO GM"]
[Site "Paris FRA"]
[Date "2003.06.22"]
[Round "3"]
[White "Brochet,P"]
[Black "Maze,S"]
[Result "1/2-1/2"]
[WhiteElo "2392"]
[BlackElo "2423"]

1.e4 c5 2.Nf3 Nc6 3.Bb5 g6 4.c3 Bg7 5.d4 Qa5 6.Bxc6 dxc6 7.O-O cxd4 8.cxd4 Bg4
9.Be3 Rd8 10.Nbd2 Nf6 11.Qb3 Bxf3 12.Nxf3 Qa6 13.Ne5 O-O 14.f3 Ne8 15.Rfd1 Nc7
16.Rac1 Qb6 17.Qxb6 axb6 18.Nc4 Nb5 19.e5 Nc7 20.Nxb6 Nd5 21.Nxd5 Rxd5 22.f4 Rfd8
23.Rd2 f6 24.Rdc2 Bh6 25.Re1 Kf7 26.g3 Ra5 27.a3 Rb5 28.Kf2 Rb3 29.Ree2 e6
30.Red2 Rd5 31.exf6 Kxf6 32.Rc5 Bf8 33.Rxd5 exd5 34.Re2 Kf5 35.Kf3 h5 36.h3 c5
37.g4+ Kf6 38.Kg2 c4 39.Bc1 c3 40.Rc2 cxb2 41.Rxb2 Rxb2+ 42.Bxb2 b5 43.Kf3 hxg4+
44.hxg4 Bd6 45.Bc1 Ke6 46.Ke3 Be7 47.Kd3 Bh4 48.Kc3 Be7 49.Kb3 Bf8 50.Bd2 Bd6
51.a4 bxa4+ 52.Kxa4 Bf8 53.Kb5 Ba3 54.Kc6 Bb2 55.Be3 Ba3 56.Kc7 Bd6+ 57.Kd8 Be7+
58.Ke8 Bb4 59.Kd8 Ba3 60.Kc7 Bd6+ 61.Kb6 Ba3 62.Kb5 Bd6 63.Bc1 Bf8 64.Ka4 Bg7
65.Be3 Bf6 66.Kb3 Bd8 67.Bd2 Bc7 68.Kc3 Bd6 69.Kd3 Ba3 70.Ba5 Bd6 71.Ke3 Bb8
72.Bb6 Kf6 73.Bd8+ Ke6 74.Bg5 Bc7 75.Bh6 Kf6 76.Bf8 Bb8 77.Kf3 Bc7 78.Bb4 Ke6
79.Ba3 Bb8 80.Bc5 Bc7 81.Bb4 Kf6 82.Be1 Ke6 83.Bg3 Bd8 84.Ke3 Be7 85.Kd3 Bd8
86.Be1 Bc7 87.Ke3 Bd8 88.Bb4 Bc7 89.Bc5 Kf6 90.Bf8 Bb8 91.Bh6 Bc7 92.Bg5+ Ke6
93.Bh4 Bb6 94.Kd3 Bc7 95.Bg5 Bb6 96.Bh6 Kf6 97.Ke3 Bc7 98.Bf8 Kf7 99.Bb4 Kf6
100.Bc5  1/2-1/2

[Event "zt 3.2a"]
[Site "Ho Chi Minh City VIE"]
[Date "2003.06.23"]
[Round "4"]
[White "To Quoc Khanh"]
[Black "Bui Vinh"]
[Result "1-0"]
[WhiteElo "2299"]
[BlackElo "2461"]

1.e4 c5 2.Nf3 Nc6 3.Bb5 g6 4.O-O Bg7 5.c3 Nf6 6.Qe2 a6 7.Bxc6 dxc6 8.d3 O-O
9.Be3 b6 10.h3 Qc7 11.Nbd2 a5 12.Ne1 Ba6 13.f4 Rad8 14.Rf3 Rd7 15.e5 Ne8
16.Bf2 f5 17.Qd1 Kh8 18.Qb3 Qd8 19.Rd1 Bh6 20.Nc4 Bxc4 21.Qxc4 Rd5 22.d4 b5
23.Qe2 Nc7 24.Nc2 Ne6 25.Be3 Qd7 26.Rdf1 cxd4 27.Nxd4 Rb8 28.b3 Kg8 29.Rg3 Ng7
30.Rgf3 Ne6 31.Qf2 b4 32.Nxe6 Qxe6 33.c4 Rd7 34.h4 Rbd8 35.Bb6 Rd2 36.Qc5 Rb8
37.Bxa5 Rxa2 38.Bxb4 Bf8 39.Rd3 Qc8 40.Rfd1 Qb7 41.Be1 Rb2 42.b4 e6 43.Rd8 Rxd8
44.Rxd8 Qf7 45.Qxc6 Rb1 46.Kf1 Qe7 47.Qd6 Rxe1+ 48.Kxe1 Qxh4+ 49.Ke2 Qg4+
50.Kd3 Qg3+ 51.Kd4 Qf2+ 52.Kc3 Qe3+ 53.Kc2 Qf2+ 54.Kb3 Qe3+ 55.Ka4  1-0

[Event "2nd It"]
[Site "Grenoble FRA"]
[Date "2003.06.25"]
[Round "7"]
[White "Safranska,A"]
[Black "Aguettaz,M"]
[Result "1/2-1/2"]
[WhiteElo "2337"]
[BlackElo "2263"]

1.e4 c5 2.Nf3 Nc6 3.Bb5 g6 4.Bxc6 dxc6 5.d3 Bg7 6.h3 e5 7.Be3 b6 8.Nc3 Ne7
9.Qd2 h6 10.Nh2 Be6 11.b3 Qd7 12.Ne2 f5 13.f3 f4 14.Bf2 h5 15.Qc3 g5 16.Nf1 Ng6
17.Nd2 Kf7 18.O-O-O Bf6 19.Kb1 Rh7 20.b4 cxb4 21.Qxb4 c5 22.Qa3 Rhh8 23.c4 Ne7
24.Nb3 g4 25.hxg4 hxg4 26.Rxh8 Rxh8 27.fxg4 Rh2 28.Nc3 Bxg4 29.Rd2 Rxg2 30.Nd5 Nxd5
31.cxd5 Kg6 32.Kc2 Bg5 33.Kc3 f3 34.Rc2 a5 35.Nxa5 bxa5 36.Qxa5 Be7 37.Rb2 Kh5
38.Qa8 Qc8 39.Rb8 Qxb8 40.Qxb8 Rxf2 41.Qh8+  1/2-1/2

[Event "TCh-BIH"]
[Site "Jahorina BIH"]
[Date "2003.06.25"]
[Round "7"]
[White "Sekulic,V"]
[Black "Filipovic,Br"]
[Result "0-1"]
[WhiteElo "2285"]
[BlackElo "2413"]

1.e4 c5 2.Nf3 Nc6 3.Bb5 g6 4.O-O Bg7 5.Re1 e5 6.c3 Nge7 7.d3 O-O 8.Be3 d6
9.a4 Bg4 10.Nbd2 h6 11.h3 Bd7 12.Nh2 f5 13.f4 a6 14.Bc4+ Kh7 15.Rf1 exf4
16.Bxf4 Ne5 17.Qe2 b5 18.Bb3 Qb6 19.a5 Qc7 20.Bg3 Rae8 21.Bc2 N7c6 22.Nhf3 f4
23.Bf2 Nxa5 24.d4 cxd4 25.Bxd4 Bc8 26.Qf2 Nac6 27.Nxe5 Nxd4 28.Qxd4 dxe5
29.Qd3 Rd8 30.Qe2 Qb6+ 31.Rf2 Bf6 32.Nf3 Be6 33.Kh1 g5 34.Nh2 Bc4 35.Qf3 Kg7
36.Ng4 h5 37.Nxf6 Rxf6 38.b3 Bf7 39.Re2 g4 40.Qf2 Qxf2 41.Rxf2 g3 42.Rf3 Rd2
43.Bd3 Bxb3 44.Bf1 Rfd6  0-1

[Event "2nd NAO GM"]
[Site "Paris FRA"]
[Date "2003.06.25"]
[Round "6"]
[White "Maze,S"]
[Black "Bellaiche,A"]
[Result "1-0"]
[WhiteElo "2423"]
[BlackElo "2424"]

1.e4 c5 2.Nf3 Nc6 3.Bb5 g6 4.Bxc6 dxc6 5.d3 Bg7 6.h3 Nf6 7.Nc3 O-O 8.Be3 b6
9.Qd2 e5 10.Bh6 Qd6 11.Bxg7 Kxg7 12.O-O Nh5 13.Ne2 Bd7 14.Nh2 c4 15.Qc3 cxd3
16.Rad1 Qe7 17.Rxd3 c5 18.f4 Bb5 19.Re3 f6 20.fxe5 Qxe5 21.Qxe5 fxe5 22.Rxf8 Rxf8
23.Nc3 Ba6 24.Nf3 Re8 25.Nd5 Bb7 26.c4 Nf6 27.Kf2 h6 28.Re1 Re6 29.Ke3 Nd7
30.Rd1 Rd6 31.Rd3 a6 32.a4 Bc6 33.Ra3 a5 34.b3 Bb7 35.Ra2 Bc6 36.Rf2 Bb7
37.Nd2 Nf8 38.Nf3 Nd7 39.g4 Bc6 40.h4 Bb7 41.g5 h5 42.Nd2 Rc6 43.Nb1 Rc8
44.Rd2 Kf7 45.Nbc3 Bc6 46.Nf6 Nf8 47.Rf2 Kg7 48.Nfd5 Re8 49.Nb5 Bxb5 50.axb5 Nd7
51.Nf6 Nxf6 52.Rxf6 Rf8 53.Rxb6 Rf4 54.Rb7+ Kg8 55.Rc7 Rxh4 56.b6  1-0

[Event "ch-NED w"]
[Site "Leeuwarden NED"]
[Date "2003.06.26"]
[Round "2"]
[White "Hamelink,D"]
[Black "Bensdorp,L"]
[Result "1-0"]
[WhiteElo "2187"]
[BlackElo "2063"]

1.e4 c5 2.Nf3 Nc6 3.Bb5 d6 4.O-O Bd7 5.c3 g6 6.d4 Bg7 7.Be3 b6 8.Qe2 Qc7
9.Nbd2 e5 10.dxc5 dxc5 11.Rad1 Nge7 12.Bg5 Nc8 13.Nc4 f6 14.Bh4 O-O 15.Qd3 Be6
16.Ne3 Rd8 17.Nd5 Bxd5 18.Bxc6 Qxc6 19.exd5 Qe8 20.Nd2 Nd6 21.Nc4 Nf5 22.Bg3 b5
23.Ne3 c4 24.Qe2 Nd6 25.f4 f5 26.fxe5 Bxe5 27.Qf3 Rd7 28.Bxe5 Qxe5 29.Rfe1 Ne4
30.Rd4 Re8 31.g3 Qd6 32.Nc2 Rde7 33.Qf4 Re5 34.Nb4 g5 35.Qc1 h6 36.Red1 Nf6
37.Qc2 Ng4 38.Nc6 Ne3 39.Qd2 Re4 40.Rxe4 Rxe4 41.Re1 Nxd5 42.Rxe4 fxe4 43.Qxd5+  1-0

[Event "2nd NAO GM"]
[Site "Paris FRA"]
[Date "2003.06.26"]
[Round "7"]
[White "Georgiev,Kr"]
[Black "Maze,S"]
[Result "1/2-1/2"]
[WhiteElo "2516"]
[BlackElo "2423"]

1.e4 c5 2.Nf3 Nc6 3.Bb5 e6 4.O-O Nge7 5.b3 Ng6 6.Bb2 f6 7.c3 a6 8.Bxc6 bxc6
9.d4 d5 10.Qc2 Bd6 11.Ba3 Qe7 12.Re1 e5 13.Nbd2 cxd4 14.cxd4  1/2-1/2

[Event "I Carvalho Mem Masters"]
[Site "Maia POR"]
[Date "2003.06.27"]
[Round "6"]
[White "Oratovsky,M"]
[Black "Fernandes,An"]
[Result "1-0"]
[WhiteElo "2587"]
[BlackElo "2478"]

1.e4 c5 2.Nf3 Nc6 3.Bb5 g6 4.Bxc6 dxc6 5.h3 Bg7 6.d3 Nf6 7.Nc3 O-O 8.Be3 b6
9.Qd2 e5 10.Bh6 Qd6 11.O-O-O a5 12.Nh2 a4 13.Ng4 Nh5 14.Bxg7 Nxg7 15.f4 Bxg4
16.hxg4 f6 17.f5 g5 18.Ne2 Rf7 19.Ng1 Ne8 20.Nf3 Qf8 21.c3 Nd6 22.Qc2 Re7
23.Rhe1 Ra5 24.Kb1 a3 25.b3 Nb5 26.Rc1 Rd7 27.Red1 Ra8 28.Nd2 Qd8 29.Nc4 Nd6
30.Ne3 Nb5 31.Rd2 Ra6 32.Rcd1 Kg7 33.Rh1 Ra8 34.g3 Qc7 35.Rdh2 Rh8 36.Kc1 Nd6
37.Rd2 Qd8 38.d4 exd4 39.cxd4 cxd4 40.Rxd4 Nb5 41.Rxd7+ Qxd7 42.Rd1 Qc7 43.Nc4 Re8
44.e5 Rxe5 45.Nxe5 Qxe5 46.Rd7+ Kf8 47.Kd2 Nd4 48.Qd3 c5 49.Qe3 Qxe3+ 50.Kxe3 Nc6
51.Kd2 b5 52.Rd5 c4 53.Rxb5 cxb3 54.Rxb3 Ne5 55.Ke2 Nxg4 56.Rxa3 h5 57.Ra7 Nh6
58.Ra5 Ke7 59.Rd5 h4 60.gxh4 gxh4 61.Kf3 h3 62.Kg3 h2 63.Kxh2 Ng4+ 64.Kg3 Ne3
65.Rb5 Kd6 66.Kf4 Nd5+ 67.Rxd5+  1-0

[Event "2nd Open"]
[Site "La Fere FRA"]
[Date "2003.06.28"]
[Round "1"]
[White "Shirazi,K"]
[Black "Renard,S"]
[Result "1-0"]
[WhiteElo "2437"]
[BlackElo "2026"]

1.e4 c5 2.Nf3 Nc6 3.Bb5 g6 4.O-O Bg7 5.c3 Nf6 6.Re1 O-O 7.h3 d5 8.e5 Ne8
9.d4 cxd4 10.cxd4 e6 11.Nc3 f6 12.exf6 Nxf6 13.Bg5 Qb6 14.Qd2 Bd7 15.Bf1 Rae8
16.Rad1 a6 17.a3 Nb8 18.Ne5 Bc8 19.Na4 Qd6 20.Bf4 Qe7 21.Qa5 Nfd7 22.Be3 Nxe5
23.dxe5 Nc6 24.Qb6 Nxe5 25.Bc5 Qg5 26.Bxf8 Rxf8 27.Qe3 Nf3+ 28.Kh1 Qh4 29.Nb6 Nxe1
30.Nxc8 Qxf2 31.Qxe6+ Kh8 32.Rxe1 Bxb2 33.Ne7 Qg3 34.Nxd5 Bxa3 35.Nf6 Bd6
36.Ng4 Qf4 37.Bd3 a5 38.Qa2 h5 39.Qa1+ Kh7 40.Rf1 Qd2 41.Rxf8 Bxf8 42.Bxg6+ Kxg6
43.Qf6+ Kh7 44.Qf7+ Kh8 45.Qxf8+ Kh7 46.Qf7+ Kh8 47.Qxh5+ Kg7 48.Qe5+  1-0

[Event "ch-NED"]
[Site "Leeuwarden NED"]
[Date "2003.06.29"]
[Round "4"]
[White "Stellwagen,D"]
[Black "Nijboer,F"]
[Result "1-0"]
[WhiteElo "2467"]
[BlackElo "2562"]

1.e4 c5 2.Nf3 Nc6 3.Bb5 e6 4.O-O Nge7 5.Re1 Ng6 6.c3 a6 7.Bf1 Be7 8.d4 d6
9.Be3 O-O 10.Nbd2 b6 11.d5 Nb8 12.b4 exd5 13.exd5 Nd7 14.Nc4 Bb7 15.bxc5 bxc5
16.Rb1 Ra7 17.Qd2 h6 18.a4 Nf6 19.Nb6 Ng4 20.Bf4 Nxf4 21.Qxf4 Nf6 22.Qd2 Re8
23.a5 Bf8 24.Rxe8 Qxe8 25.Re1 Qd8 26.c4 Bc8 27.Bd3 Bg4 28.Qf4 Re7 29.Rxe7 Qxe7
30.Qe3 g6 31.Bc2 Ne8 32.Qxe7 Bxe7 33.Ba4 Nc7 34.Bd7 Bxd7 35.Nxd7 f5 36.Kf1 Kf7
37.Ke2 g5 38.Nd2 Ke8 39.Nb8 Bf6 40.Kd3 Kd8 41.Nc6+ Kd7 42.Nf1 Ne8 43.Ne3 Ng7
44.g4 Ke8 45.gxf5 h5 46.h3 Kf7 47.Ke4 Bc3 48.Nc2 Ne8 49.Kd3 Bb2 50.Nb8 Nc7
51.Ne3 Kf6 52.Nd7+ Ke7 53.Nb8 Bc1 54.Nf1 Kf6 55.Ke4 Kf7 56.Kf3 h4 57.Nh2 Bd2
58.Nc6 Ne8 59.Ng4 Nf6 60.Nxf6 Kxf6 61.Kg4 Be1 62.f4 gxf4 63.Kxf4 Bd2+ 64.Ke4 Kg5
65.Nb8 Bxa5 66.Nxa6 Be1 67.Nc7 Bg3 68.Ne6+ Kf6 69.Nf4 Bh2  1-0

[Event "6th Open Vins du Mer"]
[Site "Naujac sur Mer FRA"]
[Date "2003.06.29"]
[Round "1"]
[White "Teske,H"]
[Black "Guezennec,F"]
[Result "1-0"]
[WhiteElo "2524"]
[BlackElo "2100"]

1.e4 c5 2.Nf3 Nc6 3.Bb5 g6 4.O-O Bg7 5.Nc3 Nd4 6.Nxd4 cxd4 7.Ne2 a6 8.Bc4 b5
9.Bd5 Rb8 10.d3 e6 11.Bb3 Ne7 12.Bg5 h6 13.Bh4 O-O 14.Qd2 d6 15.f4 Qc7 16.Rae1 Kh7
17.Ng3 f6 18.Ne2 a5 19.Nxd4 e5 20.Ne6 Bxe6 21.Bxe6 exf4 22.d4 b4 23.Qd3 Rbd8
24.d5 Nc8 25.Rxf4 Nb6 26.b3 Nd7 27.Bxd7 Rxd7 28.Bf2 Rc8 29.Re2 Rf7 30.Bd4 Rcf8
31.h3 f5 32.Bxg7 fxe4 33.Rexe4 Kxg7 34.Rxf7+ Qxf7 35.Qd4+ Kh7 36.Kh2 h5 37.Re6 Rd8
38.Qe3 Rd7 39.Qg3 Qf5 40.Rxd6 Rxd6 41.Qxd6 Kh6 42.h4 Qe4 43.Qf6  1-0

[Event "4th Open"]
[Site "Marseille FRA"]
[Date "2003.06.30"]
[Round "4"]
[White "Abergel,T"]
[Black "Lazarev,V"]
[Result "1/2-1/2"]
[WhiteElo "2365"]
[BlackElo "2517"]

1.e4 c5 2.Nf3 Nc6 3.Bb5 g6 4.Bxc6 dxc6 5.h3 Bg7 6.d3 Nf6 7.Nc3 Nd7 8.Be3 e5
9.Qd2 h6 10.O-O Qe7 11.Nh2 Nf8 12.f4 exf4 13.Bxf4 Ne6 14.Be3 Nd4 15.Nd1 b6
16.Nf2 h5 17.c3 Ne6 18.Nf3 Ba6 19.Rad1 O-O 20.Bh6 f5 21.Bxg7 Qxg7 22.Rfe1 Rae8
23.exf5 Rxf5 24.Re2 Rff8 25.Rde1 Bc8 26.Ng5 Nc7 27.Rxe8 Rxe8 28.Rxe8+ Nxe8
29.Nfe4 Qe5 30.Qf2 Qe7 31.Qf4 Kg7 32.g4 hxg4 33.hxg4 Qc7 34.Qf3 Qe7 35.Qg3 Qc7
36.Qh4 Kg8 37.Nf3 Qf4 38.Qd8 Qxg4+ 39.Kf2 Qe6 40.Nfg5 Qf5+ 41.Ke1 Kf8 42.Nh7+ Kg7
43.Qe7+ Qf7 44.Qe5+ Kg8 45.Neg5 Qd7 46.Qe4  1/2-1/2

[Event "2nd Open"]
[Site "La Fere FRA"]
[Date "2003.07.01"]
[Round "5"]
[White "Nevednichy,V"]
[Black "Gladyszev,O"]
[Result "0-1"]
[WhiteElo "2569"]
[BlackElo "2447"]

1.e4 c5 2.Nf3 Nc6 3.Bb5 g6 4.Bxc6 dxc6 5.d3 Bg7 6.h3 Nf6 7.Nc3 O-O 8.Be3 b6
9.Qd2 e5 10.Bh6 Qd6 11.Bxg7 Kxg7 12.g4 Be6 13.Rg1 Rad8 14.O-O-O a5 15.Nh4 c4
16.f4 cxd3 17.cxd3 Qc5 18.Kb1 Bc4 19.Rg3 b5 20.fxe5 Qxe5 21.Re3 b4 22.Ne2 Nxe4
23.Qc1 Qd5 24.b3 Bb5 25.Nf3 Rfe8 26.h4 Nf6 27.Nf4 Qd6 28.Rxe8 Rxe8 29.g5 Nd5
30.Nxd5 Qxd5 31.Qf4 Bxd3+ 32.Kb2 Re2+ 33.Rd2 Rxd2+ 34.Nxd2 Bf5 35.a4 bxa3+
36.Kxa3 Qc5+ 37.Ka4 Qc3 38.b4 Qa1+ 39.Kb3 a4+ 40.Kc4 Qa2+ 41.Kc3 Qc2+ 42.Kd4 Qd3+
43.Kc5 Qb5+ 44.Kd4 Qd3+ 45.Kc5 Qd5+ 46.Kb6 a3 47.Nb3 h5 48.Qe3 Qb5+ 49.Kc7 Qxb4
50.Qe5+ Kh7 51.Nd4 Be6 52.Nxe6 Qe7+ 53.Kb6 Qxe6 54.Qa1 Qb3+ 55.Kxc6 Qb2  0-1

[Event "2nd Open"]
[Site "La Fere FRA"]
[Date "2003.07.02"]
[Round "7"]
[White "Sarakauskas,G"]
[Black "Agamaliev,G"]
[Result "1/2-1/2"]
[WhiteElo "2396"]
[BlackElo "2518"]

1.e4 c5 2.Nf3 Nc6 3.Bb5 g6 4.O-O Bg7 5.c3 Nf6 6.Re1 O-O 7.d4 d5 8.e5 Ne4
9.Bxc6 bxc6 10.Nbd2 cxd4 11.cxd4 Bf5 12.Nh4 Be6 13.Nhf3 Bf5 14.Nh4  1/2-1/2

[Event "32nd TCh-GRE"]
[Site "Kallithea Chalkidiki GRE"]
[Date "2003.07.04"]
[Round "1"]
[White "Sperdokli,E"]
[Black "Papadopoulou,T"]
[Result "1/2-1/2"]
[WhiteElo "2108"]
[BlackElo "2104"]

1.e4 c5 2.Nf3 Nc6 3.Bb5 g6 4.c3 Nf6 5.e5 Nd5 6.d4 cxd4 7.Qb3 Nc7 8.Bc4 Ne6
9.cxd4 Na5 10.Qc3 Nxc4 11.Qxc4 Qc7 12.Qc3 Bg7 13.O-O Qxc3 14.Nxc3 b6 15.Be3 Ba6
16.Rfc1 Rc8 17.Nd5 Bb7 18.Rxc8+ Bxc8 19.Rc1 Bb7 20.Nc7+ Kd8 21.Nxe6+ dxe6
22.Ng5 Rf8 23.Nxh7 Rh8 24.Ng5 Rf8 25.Bd2 Kd7 26.Bb4 Bd5 27.a3 a5 28.Bd2 f6
29.exf6 exf6 30.Nh3 g5 31.Be3 Rh8 32.f4 g4 33.Nf2 f5 34.Nd3 Rb8 35.Ne5+ Bxe5
36.dxe5 b5 37.b4 axb4 38.axb4 Ra8 39.Rc2 Ra1+ 40.Kf2 Rb1 41.Bc5 Rb3 42.Be3 Ke8
43.g3 Bc4 44.Ke1 Rxe3+ 45.Kd2 Re2+ 46.Kc1 Rxc2+ 47.Kxc2 Kf7 48.Kc3 Bf1 49.Kd4  1/2-1/2

[Event "1st Stage Russian Cup"]
[Site "Tomsk RUS"]
[Date "2003.07.04"]
[Round "1"]
[White "Zavalishin,M"]
[Black "Zablotsky,S"]
[Result "0-1"]
[WhiteElo "2162"]
[BlackElo "2410"]

1.e4 c5 2.Nf3 Nc6 3.Bb5 g6 4.Bxc6 dxc6 5.O-O Bg7 6.d3 Nf6 7.h3 Nd7 8.c3 O-O
9.Qc2 e5 10.Nbd2 Qe7 11.Nb3 Re8 12.Be3 b6 13.Rfe1 a5 14.a4 Ba6 15.Nbd2 h6
16.d4 cxd4 17.cxd4 Rac8 18.Rad1 Qb4 19.Nb1 Bc4 20.Qd2 Bb3 21.Qxb4 axb4 22.Rd2 c5
23.dxc5 Nxc5 24.Rd6 Nxa4 25.Nbd2 Bf8 26.Rd7 Be6 27.Rb7 Nxb2 28.Rxb6 Nd3 29.Rd1 Red8
30.Ne1 Nb2 31.Rb1 Nc4 32.Nxc4 Rxc4 33.f3  0-1

[Event "1st Stage Russian Cup"]
[Site "Tomsk RUS"]
[Date "2003.07.04"]
[Round "1"]
[White "Pridorozhni,A"]
[Black "Monastyrev,S"]
[Result "1-0"]
[WhiteElo "2485"]
[BlackElo "2207"]

1.e4 c5 2.Nf3 Nc6 3.Bb5 Qc7 4.Bxc6 Qxc6 5.O-O d6 6.d4 Bg4 7.d5 Qd7 8.h3 Bh5
9.c4 e5 10.Nxe5 Bxd1 11.Nxd7 Be2 12.Re1 Bxc4 13.Nxf8 Nf6 14.Nxh7 Nxh7 15.Nd2 Bd3
16.Re3 c4 17.b3 b5 18.a4 O-O 19.axb5 Rfc8 20.Ba3 a6 21.bxc4 Bxc4 22.Nxc4 Rxc4
23.Bxd6 Nf6 24.b6  1-0

[Event "32nd TCh-GRE"]
[Site "Kallithea Chalkidiki GRE"]
[Date "2003.07.05"]
[Round "2"]
[White "Markidis,K"]
[Black "Kaza,P"]
[Result "1-0"]
[WhiteElo "2358"]
[BlackElo "2149"]

1.e4 c5 2.Nf3 Nc6 3.Bb5 d6 4.O-O Bd7 5.Re1 a6 6.Bxc6 Bxc6 7.d4 cxd4 8.Nxd4 Nf6
9.Nxc6 bxc6 10.Qf3 Qd7 11.Nd2 e5 12.Nc4 Qg4 13.Qd3 Rd8 14.Na5 Qc8 15.Qc4 Rd7
16.Qa4 Rc7 17.Be3 Nd7 18.Rad1 Be7 19.Nc4 O-O 20.Nxd6 Bxd6 21.Rxd6 Qb7 22.b3 Nb6
23.Qa5 Nd7 24.Red1 Nf6 25.f3 Re8 26.c4 Qc8 27.Qd2  1-0

[Event "32nd TCh-GRE"]
[Site "Kallithea Chalkidiki GRE"]
[Date "2003.07.05"]
[Round "2"]
[White "Mastoras,I"]
[Black "Skripchenko,A"]
[Result "0-1"]
[WhiteElo "2240"]
[BlackElo "2489"]

1.e4 c5 2.Nf3 Nc6 3.Bb5 Na5 4.b3 a6 5.Be2 Nc6 6.Bb2 Nf6 7.e5 Nd5 8.O-O Nf4
9.Nc3 b6 10.Re1 Bb7 11.Bf1 Ne6 12.Ne4 g6 13.c3 Bg7 14.d4 cxd4 15.cxd4 Nb4
16.Qd2 Nd5 17.g3 O-O 18.Bg2 Rc8 19.Rac1 Rxc1 20.Bxc1 Qa8 21.Bb2 Ndf4 22.gxf4 Bxe4
23.Nh4 Bxg2 24.Nxg2 Qd5 25.Re3 f5 26.Qb4 Rc8 27.Bc3 g5 28.Qxe7 gxf4 29.Rh3 f3  0-1

[Event "32nd TCh-GRE"]
[Site "Kallithea Chalkidiki GRE"]
[Date "2003.07.05"]
[Round "2"]
[White "Tzoumbas,A"]
[Black "Daskevics,V"]
[Result "1-0"]
[WhiteElo "2332"]
[BlackElo "2169"]

1.e4 c5 2.Nf3 Nc6 3.Bb5 g6 4.O-O Bg7 5.c3 Nf6 6.Re1 O-O 7.h3 e5 8.d3 Re8
9.Nbd2 Qc7 10.a3 a6 11.Bc4 h6 12.b4 d6 13.Rb1 b5 14.Ba2 cxb4 15.cxb4 Be6
16.Bxe6 Rxe6 17.Nb3 d5 18.Qc2 Rc8 19.exd5 Nxd5 20.Nc5 Nce7 21.Qb3 Rd6 22.Nxe5 a5
23.Bd2 Nf5 24.Rbc1 Qa7 25.Nf3 axb4 26.axb4 Ra8 27.Ne4 Rdd8 28.Rc5 Qa3 29.Qxa3 Rxa3
30.Rxb5 Rxd3 31.Nc5 Rxd2 32.Nxd2 Nc3 33.Rb7 Rxd2 34.Re8+ Kh7 35.Rd7 Rb2 36.g4 Nd4
37.Rxf7 Nd5 38.Rd8 Ne2+ 39.Kh2 Nef4 40.Rdd7 Rxf2+ 41.Kg3 Rg2+ 42.Kf3 g5 43.Rxg7+ Kh8
44.Rh7+ Kg8 45.Rdg7+ Kf8 46.Nd7+  1-0

[Event "ch-NED w"]
[Site "Leeuwarden NED"]
[Date "2003.07.05"]
[Round "10"]
[White "Hamelink,D"]
[Black "Peng Zhaoqin"]
[Result "0-1"]
[WhiteElo "2187"]
[BlackElo "2433"]

1.e4 c5 2.Nf3 Nc6 3.Bb5 e6 4.O-O Nge7 5.b3 Ng6 6.Bb2 f6 7.d4 cxd4 8.Nxd4 Bc5
9.Kh1 O-O 10.Be2 Qb6 11.Nxc6 Qxc6 12.Nd2 b5 13.c4 b4 14.e5 Nxe5 15.Bxe5 fxe5
16.Bf3 d5 17.Qe2 Bd4 18.cxd5 exd5 19.Rac1 Qd7 20.Rc7 Qxc7 21.Bxd5+ Be6 22.Bxe6+ Kh8
23.Ne4 Qe7 24.Bc4 Rac8 25.Rd1 Rc6 26.Rd3 Rh6 27.Rf3 Rg6 28.Rh3 h6 29.Qh5 Rc6
30.Qe2 Rcc8 31.Rh5 Rcd8 32.g4 Rf4 33.f3 Bb6 34.Ng5 Qc5 35.Kg2 Qg1+ 36.Kh3 Rdf8
37.Qd3 e4  0-1

[Event "25th Open"]
[Site "Oberwart AUT"]
[Date "2003.07.05"]
[Round "1"]
[White "Navara,D"]
[Black "Struk,J"]
[Result "1-0"]
[WhiteElo "2608"]
[BlackElo "2253"]

1.e4 c5 2.Nf3 Nc6 3.Bb5 g6 4.O-O Bg7 5.c3 Nf6 6.Re1 O-O 7.d4 cxd4 8.cxd4 d5
9.e5 Ne4 10.Bxc6 bxc6 11.Nbd2 Nxd2 12.Nxd2 c5 13.dxc5 Qc7 14.Nf3 Bg4 15.Qd4 Bxf3
16.gxf3 a5 17.Bf4 e6 18.Bd2 Rfc8 19.b4 axb4 20.Bxb4 Bf8 21.Rec1 Qc6 22.a3 Qa4
23.Rc3 Qb5 24.f4 Qd7 25.f5 exf5 26.Rd1 f4 27.Qxf4 Qe6 28.Qf3 Qxe5 29.Rxd5 Qe6
30.Kg2 Bg7 31.Re3 Qf6 32.Qxf6 Bxf6 33.Rd7 Ra6 34.Rd6 Rac6 35.Kf3 h5 36.Rxc6 Rxc6
37.Re8+ Kg7 38.Ke4 Ra6 39.Kd5 Bb2 40.c6  1-0

[Event "11th Fair Play Trophy"]
[Site "Techirghiol ROM"]
[Date "2003.07.05"]
[Round "5"]
[White "Nemeth,F"]
[Black "Miljkovic,Mih"]
[Result "1/2-1/2"]
[WhiteElo "2284"]
[BlackElo "2275"]

1.e4 c5 2.Nf3 Nc6 3.Bb5 g6 4.Bxc6 bxc6 5.O-O Bg7 6.Re1 Nh6 7.c3 f6 8.d4 cxd4
9.cxd4 Nf7 10.Nc3 O-O 11.h3 d6 12.b3 Qa5 13.Bb2 e5 14.Qe2 Ba6 15.Qc2 Rac8
16.Rad1 Rfd8 17.a3 Rd7 18.dxe5 fxe5 19.b4 Qd8 20.Qb3 Kh8 21.a4 Rb8 22.b5 cxb5
23.axb5 Bxb5 24.Nxb5 Qb6 25.Rd5 a6 26.Red1 Rdb7 27.Ba3 Bf8 28.Nxe5 Nxe5 29.Bxd6 Bxd6
30.Qc3 Bf8 31.Nd6 Bxd6 32.Rxd6 Qb2 33.Rd8+ Rxd8 34.Rxd8+ Kg7 35.Rd7+ Kf6
36.Rd6+ Ke7 37.Qxb2 Rxb2 38.Rxa6 Nd3 39.Ra7+ Kf6 40.Ra8 Ke5 41.Re8+ Kf4 42.Rd8 Kxe4
43.Rd7 h5 44.Rd6 Ne5 45.Rf6 Rc2 46.f4 Nd3 47.Rxg6 Nxf4 48.Rg8 Rc6 49.Kh2 Rg6
50.Re8+ Kf5 51.g4+ hxg4 52.Rf8+ Ke4 53.hxg4 Kf3 54.g5 Rc6 55.Ra8 Rc2+ 56.Kh1 Kg3
57.Ra3+ Kg4 58.g6 Nxg6 59.Kg1 Ne5 60.Kf1 Nf3 61.Ra8 Ng5 62.Ke1 Nf3+ 63.Kd1  1/2-1/2

[Event "1st Stage Russian Cup"]
[Site "Tomsk RUS"]
[Date "2003.07.05"]
[Round "2"]
[White "Demakov,P"]
[Black "Logunov,M"]
[Result "0-1"]
[WhiteElo "2196"]
[BlackElo "2422"]

1.e4 c5 2.Nf3 Nc6 3.Bb5 d6 4.Bxc6+ bxc6 5.O-O e5 6.c3 Nf6 7.Re1 Bg4 8.d3 Be7
9.Nbd2 O-O 10.h3 Be6 11.d4 Nd7 12.dxe5 dxe5 13.Qe2 Qc7 14.Nc4 f6 15.Be3 Nb6
16.Nfd2 Rfd8 17.b3 Rd7 18.Nb2 Bf8 19.Rad1 Bf7 20.Ndc4 Rad8 21.Rxd7 Rxd7 22.Rd1 Rxd1+
23.Qxd1 Nd5 24.exd5 cxd5 25.Na3 Qa5 26.Na4 c4 27.b4 Qa6 28.Nb1 g5 29.a3 h6
30.g4 f5 31.Nc5 Qg6 32.Qc2 f4 33.Qxg6+ Bxg6 34.Nd2 fxe3 35.fxe3 Kf7 36.Kf2 Bd3
37.Na4 e4 38.Nb2 Bc2 39.Ke2 Bg7 40.Nd1 Bxd1+ 41.Kxd1 Bxc3 42.Nb1 Be5 43.a4 Ke6
44.Kc2 d4 45.exd4 Bxd4 46.b5 Kd5 47.a5 e3 48.Na3 e2 49.Kd2 Bc3+ 50.Kxe2 Bxa5
51.Nc2 Kc5 52.Ne3 Kxb5  0-1

[Event "1st Stage Russian Cup"]
[Site "Tomsk RUS"]
[Date "2003.07.05"]
[Round "2"]
[White "Guempel,V"]
[Black "Pridorozhni,A"]
[Result "1-0"]
[WhiteElo "2343"]
[BlackElo "2485"]

1.e4 c5 2.Nf3 Nc6 3.Bb5 g6 4.O-O Bg7 5.Re1 e5 6.c3 Nge7 7.d4 cxd4 8.cxd4 exd4
9.Bg5 h6 10.Bh4 a6 11.Ba4 b5 12.Bb3 d6 13.a4 Rb8 14.axb5 axb5 15.Bxe7 Nxe7
16.Nxd4 O-O 17.Nc3 Bd7 18.Ra6 b4 19.Nd5 Nxd5 20.Bxd5 Be5 21.Nc6 Bxc6 22.Rxc6 Bxb2
23.Rxd6 Qg5 24.f4 Qxf4 25.Rxg6+ Kh8 26.g3 Qc1 27.Rc6 Qxd1 28.Rxd1 Kg7 29.Rb1 Be5
30.Rb3 Rfd8 31.Rc4 Bd6 32.Kg2 Rd7 33.Rd4 Rc7 34.Rc4 Rxc4 35.Bxc4 Rc8 36.Bd5 Rc2+
37.Kh3 Rd2 38.Kg4 Rxh2 39.e5 h5+ 40.Kf4 Bc5 41.Rf3  1-0

[Event "26th Open"]
[Site "Barbera del Valles ESP"]
[Date "2003.07.06"]
[Round "1"]
[White "De la Paz,F"]
[Black "Aguilar Garrido,I"]
[Result "1-0"]
[WhiteElo "2442"]
[BlackElo "2183"]

1.e4 c5 2.Nf3 Nc6 3.Bb5 g6 4.O-O Bg7 5.Re1 Nf6 6.e5 Nd5 7.Nc3 Nc7 8.Bxc6 dxc6
9.Ne4 Bg4 10.Nxc5 Qd5 11.d4 b6 12.Nb3 c5 13.dxc5 Qxd1 14.Rxd1 Bxe5 15.Re1 Bg7
16.Ne5 Be6 17.cxb6 axb6 18.Nd4 Bd5 19.Nec6 Ne6 20.Nxe6 Bxe6 21.c3 Kd7 22.Nb4 Kc7
23.Bf4+ Kb7 24.Be5 Bxe5 25.Rxe5 Rhd8 26.Rae1 Rd2 27.R5e2 Rad8 28.f3 b5 29.Nc2 Bxa2
30.Nd4 Rxe2 31.Rxe2 Rd7 32.b3 Bb1 33.Re1 Bd3 34.Re3 b4 35.Rxd3 bxc3 36.Ne6  1-0

[Event "32nd TCh-GRE"]
[Site "Kallithea Chalkidiki GRE"]
[Date "2003.07.06"]
[Round "3"]
[White "Kotrotsos,V"]
[Black "Kokkinakis,M"]
[Result "1/2-1/2"]
[WhiteElo "2225"]
[BlackElo "2142"]

1.e4 c5 2.Nf3 Nc6 3.Bb5 g6 4.c3 Nf6 5.e5 Nd5 6.d4 cxd4 7.Qb3 Nc7 8.Bc4 Ne6
9.cxd4 Na5 10.Qc3 Nxc4 11.Qxc4 Qc7 12.Qc3 b6 13.O-O Bb7 14.Rd1 Bg7 15.Ng5 Rc8
16.Qxc7 Nxc7 17.Nc3 Nd5 18.Nge4 Nxc3 19.Nxc3 h6 20.Be3 O-O 21.Rac1 Rfd8 22.f4 d6
23.Kf2 Kf8 24.g4 Ke8 25.a4 Kd7 26.h4 f6 27.exd6 exd6 28.f5 g5 29.hxg5 hxg5
30.d5 Rh8 31.Rh1 Rxh1 32.Rxh1 Rh8 33.Rxh8 Bxh8 34.Kf3 Ba6 35.b3 Bd3 36.Bf2 Bg7
37.Ke3 Bf1 38.Bg3 Bf8 39.Kf3 Bd3 40.Bf2 Bc2 41.b4 Bb3 42.Bd4 Bg7 43.Ke3 Bc4
44.a5 bxa5 45.bxa5 a6 46.Ba7 Bf8 47.Ne4 Bg7 48.Kd4 Be2 49.Nf2 Bf1 50.Ke3 Bc4
51.Kd4 Bf1 52.Ke3 Bc4 53.Ke4 Be2 54.Bd4 Bc4 55.Nh3 Be2 56.Nxg5 fxg5 57.Bxg7 Bxg4
58.Bh6 Bh5 59.Bxg5 Bf7  1/2-1/2

[Event "31st World Open"]
[Site "Philadelphia USA"]
[Date "2003.07.06"]
[Round "9"]
[White "Sinn,M"]
[Black "Hoekstra,M"]
[Result "0-1"]
[WhiteElo "2162"]
[BlackElo "2302"]

1.e4 c5 2.Nf3 Nc6 3.Bb5 g6 4.O-O Bg7 5.Re1 Nf6 6.e5 Nd5 7.Nc3 Nc7 8.Bxc6 dxc6
9.Ne4 b6 10.d3 Bg4 11.Nf6+ Bxf6 12.exf6 e6 13.h3 Bxf3 14.Qxf3 Qd5 15.Qg3 O-O-O
16.Bf4 Qd7 17.a3 Nb5 18.b4 Nd4 19.Rac1 cxb4 20.axb4 Kb7 21.Qe3 h6 22.c3 Nf5
23.Qe5 g5 24.Bh2 Nh4 25.Ra1 Ng6 26.Qe4 Qd5 27.d4 Qxe4 28.Rxe4 Rd5 29.f4 b5
30.fxg5 hxg5 31.Be5 Nxe5 32.Rxe5 Rxe5 33.dxe5 Rh4 34.Rd1 Kc7 35.Kf2 c5 36.bxc5 Rc4
37.Rd4 Rxc5 38.Re4 a5 39.g3 a4 40.h4 gxh4 41.gxh4 Rxc3 42.Kg2 a3  0-1